Normal view
MARC view
- تاريخ اسلامي- تراجم - الحسين رضى الله عنه
Entry Topical Term
001 - CONTROL NUMBER
- control field: 20880
003 - CONTROL NUMBER IDENTIFIER
- control field: JO-AjAnu
005 - DATE AND TIME OF LATEST TRANSACTION
- control field: 20230606073627.0
008 - FIXED-LENGTH DATA ELEMENTS
- fixed length control field: 230606|| aca||aabn | a|a d
040 ## - CATALOGING SOURCE
- Original cataloging agency: JO-AjAnu
- Transcribing agency: JO-AjAnu
150 ## - HEADING--TOPICAL TERM
- Topical term or geographic name entry element: تاريخ اسلامي- تراجم - الحسين رضى الله عنه
670 ## - SOURCE DATA FOUND
- Source citation: Work cat.: (JO-AjAnu)10726: بقلم بن عبد العزيز، عبدالله , author 20879, من قتل الحسين رضى الله عنه